| 000 | 008510000a22001810004500 | ||
|---|---|---|---|
| 003 | MACL | ||
| 005 | 20160603113728.0 | ||
| 008 | 160603b xxu||||| |||| 00| 0 eng d | ||
| 040 |
_aMACL _cMACL |
||
| 041 | _aHindi | ||
| 082 | _a920 PAN | ||
| 100 |
_aपांचाले, रणजीत _961918 |
||
| 245 |
_aभूमिगत सुभाष _bताइपेड की विमान-दुर्घटना में नेताजी की मृत्यु की कहानी को झूठा प्रमाणित करने वाली एक महत्वपूर्ण पुस्तक _cरणजीत पांचाले |
||
| 260 |
_bनेशनल पब्लिशिंग _c1994 _aनई दिल्ली |
||
| 350 | _a65 | ||
| 650 |
_aBiography _961919 |
||
| 942 |
_cHIN _k920/PAN _2ddc |
||
| 999 |
_c20225 _d20225 |
||